| 000 | 00720nam a2200253Ia 4500 | ||
|---|---|---|---|
| 001 | 15646 | ||
| 005 | 20240113235636.0 | ||
| 007 | ta | ||
| 008 | 051210s1925 a g b000 u 465 u | ||
| 040 | _aCotton College,Assam | ||
| 041 | _a465 | ||
| 082 |
_a516.3 _bG 889 An |
||
| 100 | _aGrieve, A.Barrie . | ||
| 245 | 0 |
_aAnalytical Geometry of Conic Sections and Elementary Solid Figures / _cA.Barrie Grieve. _hTextual Documents |
|
| 250 | _a1st ed. / | ||
| 260 |
_aLondon : _bG Bell & Sons , _c1925. |
||
| 300 |
_avi,314p. : _bill ; _c19cm . |
||
| 653 | _aAnalytical Geometry | ||
| 653 | _aGeometry-Analytical | ||
| 653 | _aG-Mathematics | ||
| 942 |
_2ddc _cBK |
||
| 999 |
_c15632 _d15632 |
||